Economía de la gestión pública: cuestiones fundamentales

Uloženo v:
Podrobná bibliografie
Hlavní autor: Albi Ibañez, Emilio
Další autoři: Onrubia Fernández, Jorge
Médium: Neznámo
Jazyk:angličtina
Vydáno: Madrid, España Editorial Centro de Estudios Ramón Areces S. A 2015
Témata:
Tagy: Přidat tag
Žádné tagy, Buďte první, kdo vytvoří štítek k tomuto záznamu!

MARC

LEADER 00000 a2200000 4500
003 CL-VaPUC
005 20220118074211.0
008 200302b ||||| |||| 00| 0 eng d
999 |c 376054  |d 376052 
020 |a 9788499611877 
040 |c Pontificia Universidad Católica de Valparaíso 
082 |a 342.04 ALB 2015 
100 1 |a Albi Ibañez, Emilio  |9 604973 
245 1 0 |a Economía de la gestión pública:  |b  cuestiones fundamentales 
260 3 |b Editorial Centro de Estudios Ramón Areces S. A  |c 2015  |a Madrid, España 
300 |a 327 p 
505 |a 1. Economía y gestión públicas. 2. Gestión y organización. 3. Presupuestación y control. 4. Evaluación de las políticas públicas. 5. Gestión de recursos humanos en organizaciones públicas. 6. Nuevas técnicas de gestión pública. 7. La colaboración público-privada (CPP). 
583 |k Hugo Gaete  |c 20200302 
650 |a DERECHO PUBLICO ECONOMICO  |9 522529 
650 0 |a Derecho económico   |9 259197 
650 0 |a Derecho de propiedad  |9 256450 
650 |a PLANIFICACION ECONOMICA  |9 321496 
700 1 |a Onrubia Fernández, Jorge  |9 719869 
942 |2 ddc  |c BK 
952 |0 0  |1 0  |2 ddc  |4 0  |6 342_040000000000000_ALB_2015  |7 0  |9 495229  |a BIBDER  |b BIBDER  |d 2019-12-27  |e 36  |g 14632.00  |i 5568315  |o 342.04 ALB 2015  |p 5568315  |r 2023-01-25  |t 1  |v 14632.00  |w 2019-12-27  |y BK  |k DER